বাংলাদেশের কাব্য নাটক : (Record no. 39333)
[ view plain ]
| 000 -LEADER | |
|---|---|
| fixed length control field | 01034nam a2200241 a 4500 |
| 001 - CONTROL NUMBER | |
| control field | 39333 |
| 003 - CONTROL NUMBER IDENTIFIER | |
| rucl marc code | BD-RjUL |
| 005 - DATE AND TIME OF LATEST TRANSACTION | |
| control field | 20211209052952.0 |
| 008 - FIXED-LENGTH DATA ELEMENTS--GENERAL INFORMATION | |
| fixed length control field | 160407s2010 bg ||||| b||| 001 0 ben d |
| 020 ## - INTERNATIONAL STANDARD BOOK NUMBER | |
| International Standard Book Number | 984074822X |
| Terms of availability | : TK. 220.00 |
| 035 ## - SYSTEM CONTROL NUMBER | |
| System control number | (BD-RjUL)39446 |
| 040 ## - CATALOGING SOURCE | |
| Original cataloging agency | BD-RjUL |
| Language of cataloging | ben |
| Transcribing agency | BD-RjUL |
| Modifying agency | BD-RjUL |
| 041 ## - LANGUAGE CODE | |
| Language code of text/sound track or separate title | ben |
| 082 ## - DEWEY DECIMAL CLASSIFICATION NUMBER | |
| Edition number | 23 |
| Classification number | 891.44209 |
| Author mark and year | HAB 2010 |
| 100 ## - MAIN ENTRY--PERSONAL NAME | |
| Personal name | হাসান, অনুপম |
| 9 (RLIN) | 121238 |
| 245 10 - TITLE STATEMENT | |
| Title | বাংলাদেশের কাব্য নাটক : |
| Remainder of title | বিষয় ও প্রকরণ / |
| Statement of responsibility, etc. | অনুপম হাসান |
| 260 ## - PUBLICATION, DISTRIBUTION, ETC. (IMPRINT) | |
| Place of publication, distribution, etc. | ঢাকা : |
| Name of publisher, distributor, etc. | বাংলা একাডেমী, |
| Date of publication, distribution, etc. | ২০১০. |
| 300 ## - PHYSICAL DESCRIPTION | |
| Pagination | ১২, ৩৯৮ পৃ. ; |
| Size | ২১ সেমি. |
| 504 ## - BIBLIOGRAPHY, ETC. NOTE | |
| Bibliography, etc | গ্রন্থপঞ্জি ও নির্ঘণ্ট সংযুক্ত |
| 650 ## - SUBJECT ADDED ENTRY--TOPICAL TERM | |
| Topical term or geographic name as entry element | শ্লোক নাটক , বাংলা |
| Form subdivision | ইতিহাস ও সমালোচনা |
| 9 (RLIN) | 117724 |
| Topical term or geographic name as entry element | Verse drama,Bengali |
| Form subdivision | History and Criticism |
| 9 (RLIN) | 117725 |
| 942 ## - ADDED ENTRY ELEMENTS (KOHA) | |
| Source of classification or shelving scheme | Dewey Decimal Classification |
| Koha item type | Books |
| Lost status | Source of classification or shelving scheme | Damaged status | Not for loan | Collection code | Permanent Location | Current Location | Shelving location | Date acquired | Source of acquisition | Cost, normal purchase price | Total Checkouts | Full call number | Date last seen | Date checked out | Copy number | Koha item type |
|---|---|---|---|---|---|---|---|---|---|---|---|---|---|---|---|---|
| Dewey Decimal Classification | Non-fiction | Central Library, University of Rajshahi | Central Library, University of Rajshahi | 23/06/2013 | Bangla Academy, Dhaka. | 220.00 | 8 | B 891.44209 HAB 2010 | 28/10/2019 | 19/09/2019 | C-3 | Books | ||||
| Dewey Decimal Classification | Non-fiction | Central Library, University of Rajshahi | Central Library, University of Rajshahi | 23/06/2013 | Bangla academy, Dhaka. | 220.00 | 4 | B 891.44209 HAB 2010 | 23/12/2025 | 07/12/2025 | C-2 | Books | ||||
| Dewey Decimal Classification | Not For Loan | Non-fiction | Central Library, University of Rajshahi | Central Library, University of Rajshahi | Reading Room | 23/06/2013 | Bangla Academy, Dhaka | 120.00 | B 891.44209 HAB 2010 | 31/01/2017 | C-1 | Books |